000 00354nam a22001457a 4500
003 OSt
005 20160727222404.0
008 160623b xxu||||| |||| 00| 0 eng d
040 _cTEST
100 _9771
_aMcDowell, J
245 _aBuilding Your Self-Image
260 _aILLINOIS
_bLIVING BOOKS
_c1978
300 _aBuilding Your Self-Image
942 _2ddc
_cBK
999 _c617
_d617